| 000 | 00633nam a2200181Ia 4500 | ||
|---|---|---|---|
| 008 | 100921s9999 xx 000 0 und d | ||
| 082 |
_b21704 _a891.463 थ 89 |
||
| 100 | _aहरकारे अरूण. | ||
| 245 | _aकर्ज. | ||
| 260 |
_bरावजी प्रकाशन,डोंबिवली. _c1989 |
||
| 300 |
_a241 _bशिल्पा बुक सर्व्हिस,तळेगांव दाभाडे |
||
| 365 | _b75 | ||
| 520 | _aललित-कादंबरी. | ||
| 630 | _aकर्ज. | ||
| 650 | _aललित-कादंबरी. | ||
| 730 | _aकर्ज. | ||
| 942 | _cBOOK | ||
| 999 |
_c770817 _d770814 |
||